[Event "GER-ch Net Amateur Gr-A Vor3"]
[Site "Playchess.com INT"]
[Date "2020.04.16"]
[Round "7"]
[White "Engert, Marvin"]
[Black "Von Herman, Brigitte"]
[Result "1-0"]
[WhiteElo "1839"]
[BlackElo "1633"]
[PlyCount "67"]
[EventDate "2020.04.16"]
[EventType "swiss (blitz)"]
[EventRounds "9"]
[EventCountry "GER"]
[SourceTitle "CBM 195 Extra"]
[Source "ChessBase"]
[SourceDate "2020.05.31"]
[SourceVersion "1"]
[SourceVersionDate "2020.05.31"]
[SourceQuality "1"]

1. e4 e5 2. Qh5 Qf6 3. Nc3 c6 4. Bc4 Bd6 5. d3 Qg6 6. Qf3 b5 7. Bb3 Nf6 8. Bd2 a5 9. a4 b4 10. Nce2 Bc5 11. d4 Bxd4 12. Nxd4 exd4 13. e5 Ng8 14. Nh3 Ne7 15. 0-0-0 0-0 16. g4 d5 17. exd6 Qxd6 18. Ng5 Nd5 19. Qh3 Qg6 20. f4 f5 21. gxf5 Bxf5 22. Qf3 Rd8 23. Rhg1 Qd6 24. Qh5 Ra7 25. Rde1 Bg6 26. Qh4 Na6 27. Re6 Qxe6 28. Nxe6 Rd6 29. Ng5 Nc5 30. Bc4 Nb3+ 31. Bxb3 Kf8 32. Re1 Nxf4 33. Qxf4+ Rf7 34. Qxd6+ 1-0

[Event "GER-ch Net Amateur Gr-A Vor3"]
[Site "Playchess.com INT"]
[Date "2020.04.16"]
[Round "9"]
[White "Gaitzsch, Martin"]
[Black "Engert, Marvin"]
[Result "1-0"]
[WhiteElo "1779"]
[BlackElo "1839"]
[PlyCount "41"]
[EventDate "2020.04.16"]
[EventType "swiss (blitz)"]
[EventRounds "9"]
[EventCountry "GER"]
[SourceTitle "CBM 195 Extra"]
[Source "ChessBase"]
[SourceDate "2020.05.31"]
[SourceVersion "1"]
[SourceVersionDate "2020.05.31"]
[SourceQuality "1"]

1. c4 b5 2. cxb5 g6 3. Nc3 Nf6 4. Nf3 Bg7 5. g3 Bb7 6. Bg2 0-0 7. 0-0 d6 8. d3 e5 9. Bd2 Nh5 10. Rc1 f5 11. Ng5 Bxg2 12. Kxg2 Qc8 13. Qb3+ Kh8 14. Nf7+ Rxf7 15. Qxf7 c6 16. Nd5 a6 17. bxc6 a5 18. Nb6 Qa6 19. Nxa8 Nxc6 20. Qe8+ Bf8 21. Qxf8# 1-0

[Event "GER-ch Net Amateur Gr-A Vor3"]
[Site "Playchess.com INT"]
[Date "2020.04.16"]
[Round "5"]
[White "Zielinski Backens, Werner"]
[Black "Engert, Marvin"]
[Result "1-0"]
[WhiteElo "1577"]
[BlackElo "1839"]
[PlyCount "43"]
[EventDate "2020.04.16"]
[EventType "swiss (blitz)"]
[EventRounds "9"]
[EventCountry "GER"]
[SourceTitle "CBM 195 Extra"]
[Source "ChessBase"]
[SourceDate "2020.05.31"]
[SourceVersion "1"]
[SourceVersionDate "2020.05.31"]
[SourceQuality "1"]

1. d4 c5 2. d5 e6 3. c4 b5 4. e4 g6 5. cxb5 Bg7 6. Nf3 a6 7. Nc3 d6 8. Qb3 Ne7 9. b6 Bb7 10. dxe6 0-0 11. exf7+ Kh8 12. Be3 Nbc6 13. Rd1 Na5 14. Qe6 Qxb6 15. Qxe7 Qxb2 16. Nd5 Nc6 17. Qxd6 Rad8 18. Qxc5 Rc8 19. Ng5 Nb4 20. Qxb4 Bc3+ 21. Qxc3+ Rxc3 22. Bd4# 1-0

[Event "GER-ch Net Amateur Gr-A Vor2"]
[Site "Playchess.com INT"]
[Date "2020.04.15"]
[Round "7"]
[White "Altenbernd, Jannis Domenik"]
[Black "Engert, Marvin"]
[Result "1/2-1/2"]
[WhiteElo "1876"]
[BlackElo "1921"]
[PlyCount "148"]
[EventDate "2020.04.15"]
[EventType "swiss (blitz)"]
[EventRounds "9"]
[EventCountry "GER"]
[SourceTitle "CBM 196 Extra"]
[Source "ChessBase"]
[SourceDate "2020.07.31"]
[SourceVersion "1"]
[SourceVersionDate "2020.07.31"]
[SourceQuality "1"]

1. d4 Nf6 2. c4 e5 3. dxe5 Ng4 4. e3 Nxe5 5. Nh3 Bb4+ 6. Bd2 Nbc6 7. Nf4 0-0 8. Bxb4 Nxb4 9. a3 Nbc6 10. Be2 d6 11. 0-0 Qh4 12. Nc3 Bg4 13. Bxg4 Nxg4 14. h3 Nge5 15. b3 Ne7 16. Ncd5 Nxd5 17. Nxd5 c6 18. Nf4 Rad8 19. Qc2 g5 20. Ne2 g4 21. Nf4 gxh3 22. Nxh3 f6 23. Qf5 Kf7 24. Rad1 Rg8 25. Rd4 Qh6 26. Rfd1 Ke7 27. Nf4 Qg5 28. Qe6+ Kf8 29. Rxd6 Rxd6 30. Rxd6 Kg7 31. Qe7+ Kh8 32. Qxf6+ Qxf6 33. Rxf6 Rd8 34. Ne6 Re8 35. Rf8+ Rxf8 36. Nxf8 Nd3 37. Ne6 Nc1 38. b4 Nd3 39. Nd8 Ne5 40. Nxb7 Nxc4 41. Nd8 Nxa3 42. Nxc6 Nc2 43. Kf1 Kg7 44. Ke2 a6 45. Kd2 Na3 46. Nb8 a5 47. bxa5 Nc4+ 48. Kd3 Nxa5 49. Nd7 Nb7 50. Ke4 Nd6+ 51. Ke5 Nc4+ 52. Kf4 Nd6 53. e4 Kf7 54. Ne5+ Ke6 55. Nf3 Kf7 56. Ng5+ Kg6 57. e5 Nb5 58. Nf3 Nc7 59. Nd4 Nd5+ 60. Ke4 Ne7 61. f4 h5 62. f5+ Kf7 63. Kf4 h4 64. Kg4 Nc6 65. e6+ Kf6 66. Kxh4 Nxd4 67. g4 Nf3+ 68. Kh5 Ne5 69. g5+ Ke7 70. Kh6 Ng4+ 71. Kh7 Ne3 72. g6 Nxf5 73. g7 Nxg7 74. Kxg7 Kxe6 1/2-1/2

[Event "GER-ch Net Amateur Gr-A Vor2"]
[Site "Playchess.com INT"]
[Date "2020.04.15"]
[Round "5"]
[White "Engert, Marvin"]
[Black "Gutheil, Heinrich"]
[Result "0-1"]
[WhiteElo "1921"]
[BlackElo "2177"]
[PlyCount "60"]
[EventDate "2020.04.15"]
[EventType "swiss (blitz)"]
[EventRounds "9"]
[EventCountry "GER"]
[SourceTitle "CBM 196 Extra"]
[Source "ChessBase"]
[SourceDate "2020.07.31"]
[SourceVersion "1"]
[SourceVersionDate "2020.07.31"]
[SourceQuality "1"]

1. e4 g6 2. b3 Bg7 3. Nc3 c6 4. Bb2 d5 5. Qf3 dxe4 6. Nxe4 Bxb2 7. Rd1 Bg7 8. Bc4 Nf6 9. Ne2 0-0 10. Ng5 Bg4 11. Qg3 Bxe2 12. Kxe2 Nbd7 13. f4 b5 14. Bd3 Nc5 15. h4 Nxd3 16. cxd3 Qd6 17. Qf3 h5 18. Rc1 Nd5 19. g3 Rad8 20. Ne4 Qe6 21. Kf2 Nb4 22. Kg2 Rxd3 23. Qe2 Rfd8 24. Rhe1 f5 25. Ng5 Qd5+ 26. Kh3 Rxd2 27. Qf1 Nd3 28. Nf3 Rf2 29. Qg1 Qxf3 30. Red1 Nxf4# 0-1

[Event "GER-ch Net Amateur Gr-A Vor2"]
[Site "Playchess.com INT"]
[Date "2020.04.15"]
[Round "3"]
[White "Engert, Marvin"]
[Black "Lang, Alexander"]
[Result "1-0"]
[WhiteElo "1921"]
[BlackElo "1755"]
[PlyCount "53"]
[EventDate "2020.04.15"]
[EventType "swiss (blitz)"]
[EventRounds "9"]
[EventCountry "GER"]
[SourceTitle "CBM 196 Extra"]
[Source "ChessBase"]
[SourceDate "2020.07.31"]
[SourceVersion "1"]
[SourceVersionDate "2020.07.31"]
[SourceQuality "1"]

1. e4 c6 2. b3 d5 3. Bb2 dxe4 4. Nc3 Nf6 5. Nge2 Bg4 6. h3 Bh5 7. g4 Bg6 8. Ng3 e6 9. Qe2 a5 10. Ncxe4 Nxe4 11. Nxe4 Bxe4 12. Qxe4 Qd5 13. Bg2 Qxe4+ 14. Bxe4 Bc5 15. Bxg7 Rg8 16. Bc3 a4 17. Ke2 Nd7 18. Bxh7 Rf8 19. Bg7 b5 20. Bxf8 Kxf8 21. Be4 Rc8 22. h4 Ne5 23. Rag1 a3 24. g5 Kg7 25. h5 f5 26. gxf6+ Kxf6 27. h6 1-0

[Event "GER-ch Net Amateur Gr-A Vor1"]
[Site "Playchess.com INT"]
[Date "2020.04.14"]
[Round "4"]
[White "Flach, Erich"]
[Black "Engert, Marvin"]
[Result "1-0"]
[WhiteElo "1979"]
[BlackElo "1854"]
[PlyCount "95"]
[EventDate "2020.04.14"]
[EventType "swiss (blitz)"]
[EventRounds "9"]
[EventCountry "GER"]
[SourceTitle "EXT 2021"]
[Source "ChessBase"]
[SourceDate "2020.10.23"]
[SourceVersion "1"]
[SourceVersionDate "2020.10.23"]
[SourceQuality "1"]

1. c4 g6 2. Nc3 Bg7 3. g3 Nf6 4. Bg2 0-0 5. e3 e5 6. Nge2 d6 7. 0-0 c6 8. d3 Be6 9. Rb1 Qc8 10. Re1 Nbd7 11. b4 Bh3 12. Bh1 Nh5 13. Ne4 Qc7 14. b5 h6 15. bxc6 bxc6 16. Ba3 d5 17. Bxf8 Rxf8 18. cxd5 cxd5 19. N4c3 d4 20. Nd5 Qd6 21. exd4 exd4 22. Nef4 Nxf4 23. Nxf4 Bf5 24. Rb7 a6 25. Nd5 Be6 26. Nf4 Bf5 27. Qb1 g5 28. Nd5 Be6 29. Qb4 Nc5 30. Rb6 a5 31. Qa3 Qd8 32. Qxc5 a4 33. Rb7 Kh8 34. Qc7 Qe8 35. Nb6 Qb5 36. Nc4 Qf5 37. Qe7 Bd5 38. Bxd5 Qxd5 39. Qe4 Qc5 40. Nd2 a3 41. Nc4 Qa5 42. Qc6 Qf5 43. Qe4 Qf6 44. Re7 Qa6 45. Re8 Qf6 46. Rxf8+ Bxf8 47. Qe5 Bg7 48. Qxf6 1-0

[Event "GER-ch Net Amateur Gr-A Vor1"]
[Site "Playchess.com INT"]
[Date "2020.04.14"]
[Round "6"]
[White "Kahlert, Thomas"]
[Black "Engert, Marvin"]
[Result "1-0"]
[WhiteElo "2006"]
[BlackElo "1898"]
[PlyCount "89"]
[EventDate "2020.04.14"]
[EventType "swiss (blitz)"]
[EventRounds "9"]
[EventCountry "GER"]
[SourceTitle "EXT 2021"]
[Source "ChessBase"]
[SourceDate "2020.10.23"]
[SourceVersion "1"]
[SourceVersionDate "2020.10.23"]
[SourceQuality "1"]

1. c4 Nf6 2. Nc3 g6 3. e4 d6 4. d4 Bg7 5. Be2 0-0 6. Nf3 Nbd7 7. 0-0 e5 8. Be3 Nh5 9. Re1 c6 10. Bf1 Qe8 11. d5 c5 12. g3 f5 13. exf5 gxf5 14. Nb5 Qe7 15. Nc7 Rb8 16. Ne6 f4 17. Nxf8 fxe3 18. Nxd7 exf2+ 19. Kxf2 Bxd7 20. Bg2 b5 21. b3 Qf7 22. Kg1 Qg6 23. Nh4 Qg5 24. Qc1 Qg4 25. Bf3 Qd4+ 26. Qe3 Qxe3+ 27. Rxe3 Nf6 28. cxb5 Bxb5 29. Nf5 Rd8 30. Rd1 Bf8 31. g4 Bd7 32. Be2 Kf7 33. h3 Kg6 34. Bd3 Kf7 35. Kg2 Nxd5 36. Bc4 Kf6 37. Bxd5 Bxf5 38. Rf1 Bh6 39. Rxf5+ Ke7 40. Rf7+ Ke8 41. Ref3 e4 42. Bxe4 d5 43. Bxh7 d4 44. Bg6 d3 45. Rc7# 1-0

[Event "GER-ch Net Amateur Gr-A Vor1"]
[Site "Playchess.com INT"]
[Date "2020.04.14"]
[Round "9"]
[White "Schmaelzle, Claudia"]
[Black "Engert, Marvin"]
[Result "0-1"]
[WhiteElo "1878"]
[BlackElo "1860"]
[PlyCount "42"]
[EventDate "2020.04.14"]
[EventType "swiss (blitz)"]
[EventRounds "9"]
[EventCountry "GER"]
[SourceTitle "EXT 2021"]
[Source "ChessBase"]
[SourceDate "2020.10.23"]
[SourceVersion "1"]
[SourceVersionDate "2020.10.23"]
[SourceQuality "1"]

1. e4 c5 2. g3 Nc6 3. Bg2 g6 4. Ne2 Bg7 5. c3 e6 6. 0-0 Nge7 7. Na3 0-0 8. Nc2 d5 9. exd5 Nxd5 10. d4 cxd4 11. Nexd4 Ne5 12. Ne3 Nxe3 13. fxe3 Qb6 14. Qb3 Qc7 15. Nb5 Qe7 16. Qb4 Qd8 17. Qd6 Bd7 18. a4 a6 19. Nd4 Nc4 20. Bxb7 Nxd6 21. Bxa8 Qxa8 0-1

[Event "Vsetin op 43rd"]
[Site "Vsetin"]
[Date "2018.07.10"]
[Round "8"]
[White "Engert, Marvin"]
[Black "Mudrak, Josef"]
[Result "0-1"]
[WhiteElo "2005"]
[BlackElo "2264"]
[PlyCount "74"]
[EventDate "2018.07.04"]
[EventType "swiss"]
[EventRounds "9"]
[EventCountry "CZE"]
[SourceTitle "CBM 185 Extra"]
[Source "ChessBase"]
[SourceDate "2018.07.29"]
[SourceVersion "1"]
[SourceVersionDate "2018.07.29"]
[SourceQuality "1"]

1. e4 g6 2. Nc3 Bg7 3. b3 e5 4. Bb2 Nc6 5. Qf3 Nd4 6. Qd3 Ne7 7. 0-0-0 d5 8. f3 c6 9. Nge2 Nxe2+ 10. Nxe2 0-0 11. Qe3 a5 12. h4 h6 13. g4 a4 14. Bh3 d4 15. Qf2 axb3 16. axb3 d3 17. Nc3 b6 18. g5 h5 19. Bxc8 Nxc8 20. f4 exf4 21. Qxf4 Ra5 22. Rh3 dxc2 23. Kxc2 Qd7 24. Rf3 Qe6 25. d4 Ne7 26. Qg3 Kh7 27. Qf2 f5 28. b4 Raa8 29. d5 cxd5 30. exd5 Qd6 31. Nb5 Qxb4 32. Rb3 Rfc8+ 33. Nc3 Qe4+ 34. Kd2 Bxc3+ 35. Rxc3 Rxc3 36. Kxc3 Rc8+ 37. Kb3 Qc4+ 0-1

[Event "Vsetin op 43rd"]
[Site "Vsetin"]
[Date "2018.07.06"]
[Round "4"]
[White "Kapusta, Petr"]
[Black "Engert, Marvin"]
[Result "1-0"]
[WhiteElo "2179"]
[BlackElo "2005"]
[PlyCount "95"]
[EventDate "2018.07.04"]
[EventType "swiss"]
[EventRounds "9"]
[EventCountry "CZE"]
[SourceTitle "CBM 185 Extra"]
[Source "ChessBase"]
[SourceDate "2018.07.29"]
[SourceVersion "1"]
[SourceVersionDate "2018.07.29"]
[SourceQuality "1"]

1. e4 c5 2. Nf3 Nc6 3. d4 cxd4 4. Nxd4 Nf6 5. Nc3 e5 6. Ndb5 d6 7. Bg5 a6 8. Na3 b5 9. Bxf6 gxf6 10. Nd5 Bg7 11. c3 f5 12. exf5 Bxf5 13. Nc2 0-0 14. Nce3 Be6 15. Bd3 f5 16. 0-0 Ra7 17. Qh5 e4 18. Bc2 Ne5 19. Nf4 Bc4 20. Rfd1 Qd7 21. a4 Ng4 22. Nxg4 fxg4 23. g3 Bf7 24. Qg5 h6 25. Qh4 Re8 26. Nd5 Qf5 27. Ne3 Qg5 28. Qxg5 hxg5 29. axb5 a5 30. Rxd6 Be5 31. Ra6 Rd7 32. R6xa5 Rd2 33. b6 Bg6 34. b7 Bb8 35. Rd1 Rxd1+ 36. Bxd1 Re7 37. Bb3+ Kf8 38. Bd5 Rd7 39. Ra8 Rd8 40. c4 Ke7 41. c5 Kd7 42. b4 Bh7 43. b5 Bg8 44. Bxg8 Rxg8 45. Nd5 Rf8 46. c6+ Ke6 47. c7 Kxd5 48. cxb8Q 1-0

[Event "Vsetin op 43rd"]
[Site "Vsetin"]
[Date "2018.07.04"]
[Round "1"]
[White "Matus, Filip"]
[Black "Engert, Marvin"]
[Result "0-1"]
[WhiteElo "1766"]
[BlackElo "2005"]
[PlyCount "70"]
[EventDate "2018.07.04"]
[EventType "swiss"]
[EventRounds "9"]
[EventCountry "CZE"]
[SourceTitle "CBM 185 Extra"]
[Source "ChessBase"]
[SourceDate "2018.07.29"]
[SourceVersion "1"]
[SourceVersionDate "2018.07.29"]
[SourceQuality "1"]

1. e4 c5 2. Nf3 Nc6 3. d4 cxd4 4. Nxd4 Nf6 5. Nc3 e5 6. Ndb5 d6 7. Nd5 Nxd5 8. exd5 Ne7 9. c4 Nf5 10. Bd3 Be7 11. 0-0 0-0 12. Kh1 Bd7 13. Bxf5 Bxf5 14. Be3 Bd7 15. Nc3 f5 16. f4 Bf6 17. Rc1 g5 18. fxg5 Bxg5 19. Bxg5 Qxg5 20. b4 Rac8 21. Qd3 Qg4 22. Ne2 f4 23. Qf3 Qg6 24. Qb3 Bf5 25. c5 Bd3 26. Rf2 Qe4 27. Ng1 Qe3 28. Qb2 dxc5 29. bxc5 Rxc5 30. Rxc5 Qxc5 31. Rd2 Qxd5 32. Nf3 e4 33. Ne5 Re8 34. Nxd3 exd3 35. Qb1 Re2 0-1

[Event "GER-ch U18"]
[Site "Willingen"]
[Date "2016.05.19"]
[Round "7"]
[White "Engert, Marvin"]
[Black "Gretz, Denis"]
[Result "0-1"]
[WhiteElo "1909"]
[BlackElo "2316"]
[PlyCount "74"]
[EventDate "2016.05.15"]
[EventType "swiss"]
[EventRounds "9"]
[EventCountry "GER"]
[SourceTitle "CBM 172 Extra"]
[Source "ChessBase"]
[SourceDate "2016.06.21"]
[SourceVersion "1"]
[SourceVersionDate "2016.06.21"]
[SourceQuality "1"]

1. e4 c5 2. b3 g6 3. Bb2 Nf6 4. e5 Nd5 5. c4 Nb4 6. Bc3 N4c6 7. f4 Bg7 8. Ne2 0-0 9. d4 cxd4 10. Nxd4 Nxd4 11. Bxd4 Nc6 12. Bc3 d6 13. exd6 exd6 14. Be2 Qb6 15. Bxg7 Kxg7 16. Nc3 Re8 17. Qd2 d5 18. Nxd5 Qd4 19. Rd1 Bg4 20. Nc3 Qc5 21. h3 Qh5 22. Kf2 Qc5+ 23. Kf1 Bxe2+ 24. Nxe2 Kg8 25. Qc2 Re3 26. Rd5 Qe7 27. Kf2 Nb4 28. Qd2 Nxd5 29. cxd5 Re8 30. Re1 Qe4 31. Kf1 Rd3 32. Qc1 Qxd5 33. Nc3 Rxe1+ 34. Qxe1 Qd4 35. Ne2 Qd6 36. Kf2 Rd2 37. Qa1 Qxf4+ 0-1

[Event "GER-ch U18"]
[Site "Willingen"]
[Date "2016.05.18"]
[Round "6"]
[White "Beeck, Mats"]
[Black "Engert, Marvin"]
[Result "0-1"]
[WhiteElo "2114"]
[BlackElo "1909"]
[PlyCount "62"]
[EventDate "2016.05.15"]
[EventType "swiss"]
[EventRounds "9"]
[EventCountry "GER"]
[SourceTitle "CBM 172 Extra"]
[Source "ChessBase"]
[SourceDate "2016.06.21"]
[SourceVersion "1"]
[SourceVersionDate "2016.06.21"]
[SourceQuality "1"]

1. d4 Nf6 2. Nf3 g6 3. c4 Bg7 4. Nc3 0-0 5. e4 d6 6. Be2 Nbd7 7. 0-0 e5 8. Qc2 Ne8 9. Rd1 c6 10. Rb1 Qe7 11. Bg5 f6 12. Bh4 Qf7 13. b4 h6 14. c5 exd4 15. Rxd4 Qe7 16. cxd6 Nxd6 17. Rbd1 Nf7 18. e5 Ndxe5 19. Nxe5 Nxe5 20. f4 Bf5 21. Qd2 Nf7 22. Bc4 Kh7 23. h3 h5 24. Ne2 Rae8 25. Bf2 Bc8 26. Ng3 f5 27. Rd7 Bxd7 28. Bc5 Qf6 29. Bxf8 Bxf8 30. Qxd7 Re7 31. Qc8 Nd6 0-1

[Event "GER-ch U18"]
[Site "Willingen"]
[Date "2016.05.17"]
[Round "5"]
[White "Ehmann, Thilo"]
[Black "Engert, Marvin"]
[Result "0-1"]
[WhiteElo "2305"]
[BlackElo "1909"]
[PlyCount "68"]
[EventDate "2016.05.15"]
[EventType "swiss"]
[EventRounds "9"]
[EventCountry "GER"]
[SourceTitle "CBM 172 Extra"]
[Source "ChessBase"]
[SourceDate "2016.06.21"]
[SourceVersion "1"]
[SourceVersionDate "2016.06.21"]
[SourceQuality "1"]

1. e4 c5 2. Nf3 Nc6 3. d4 cxd4 4. Nxd4 Nf6 5. Nc3 e5 6. Ndb5 d6 7. Bg5 a6 8. Na3 b5 9. Nd5 Be7 10. Bxf6 Bxf6 11. c3 0-0 12. Nc2 Rb8 13. h4 g6 14. g3 Bg7 15. h5 Ne7 16. Nce3 f5 17. hxg6 hxg6 18. exf5 Nxf5 19. Nxf5 Bxf5 20. Bg2 a5 21. a3 Qd7 22. Ne3 Be6 23. Be4 Qf7 24. Rh2 d5 25. Bxd5 Rfd8 26. f3 Bxd5 27. Rd2 Qxf3 28. Nxd5 Qxg3+ 29. Ke2 Rxd5 30. Rxd5 Rf8 31. Qh1 Rf2+ 32. Kd1 Qg4+ 33. Kc1 Qf4+ 34. Kb1 Rf1+ 0-1

[Event "GER-ch U18"]
[Site "Willingen"]
[Date "2016.05.15"]
[Round "1"]
[White "Pfreundt, Jakob"]
[Black "Engert, Marvin"]
[Result "1-0"]
[WhiteElo "2248"]
[BlackElo "1909"]
[PlyCount "183"]
[EventDate "2016.05.15"]
[EventType "swiss"]
[EventRounds "9"]
[EventCountry "GER"]
[SourceTitle "CBM 172 Extra"]
[Source "ChessBase"]
[SourceDate "2016.06.21"]
[SourceVersion "1"]
[SourceVersionDate "2016.06.21"]
[SourceQuality "1"]

1. e4 c5 2. Nf3 Nc6 3. d4 cxd4 4. Nxd4 Nf6 5. Nc3 e5 6. Ndb5 d6 7. Bg5 a6 8. Na3 b5 9. Bxf6 gxf6 10. Nd5 Bg7 11. Bd3 Ne7 12. Nxe7 Qxe7 13. c4 bxc4 14. Nxc4 0-0 15. 0-0 Rb8 16. Qh5 f5 17. Ne3 fxe4 18. Bxe4 h6 19. b3 Qg5 20. Qxg5 hxg5 21. Bf5 Be6 22. Rfd1 Rfd8 23. Rac1 Rb6 24. Nd5 Bxd5 25. Rxd5 Bf8 26. Rc7 Ra8 27. Be4 Rb4 28. Bd3 a5 29. Bc4 a4 30. Rd1 axb3 31. Bxf7+ Kh8 32. Bxb3 Rab8 33. Rd3 Rd8 34. a3 Rh4 35. a4 Rh7 36. Rxh7+ Kxh7 37. a5 Ra8 38. Rd5 Kg7 39. Rb5 Be7 40. Bd5 Rc8 41. g3 Rc1+ 42. Kg2 Ra1 43. Bb7 Bd8 44. a6 Kf6 45. Kf3 Ra4 46. Bc8 Ba5 47. Rb3 Be1 48. Bb7 Ra2 49. Ke4 Ra5 50. Rf3+ Kg6 51. Rd3 Bb4 52. Rb3 Bc5 53. Kd5 Ra2 54. Rf3 g4 55. Rf8 Kg7 56. Rf5 Kg6 57. Ke6 Ra4 58. Rf6+ Kg7 59. Rf7+ Kg6 60. Rf6+ Kg7 61. Kf5 Ra2 62. Kg5 Rd2 63. Rf5 Rd4 64. f3 gxf3 65. Rxf3 e4 66. Rb3 Ra4 67. Bd5 Bd4 68. Rb7+ Kf8 69. Bxe4 Rxa6 70. Rb8+ Kg7 71. Rb7+ Kf8 72. h4 Ra7 73. Rb8+ Kg7 74. Rb5 Re7 75. Bf5 Be3+ 76. Kg4 Bf2 77. Kf3 Be1 78. Be4 Bd2 79. Rd5 Bb4 80. g4 Re5 81. Rd1 Ra5 82. g5 Bc5 83. Kg4 Ra4 84. Kf5 Ra2 85. h5 Rf2+ 86. Kg4 Be3 87. h6+ Kf7 88. Bd5+ Kg6 89. Be4+ Kf7 90. g6+ Kf6 91. g7 Rf4+ 92. Kh3 1-0

[Event "GER-ch U18"]
[Site "Willingen"]
[Date "2015.05.29"]
[Round "8"]
[White "Engert, Marvin"]
[Black "Hecht, Carsten"]
[Result "0-1"]
[WhiteElo "1947"]
[BlackElo "2194"]
[PlyCount "70"]
[EventDate "2015.05.24"]
[EventType "swiss"]
[EventRounds "9"]
[EventCountry "GER"]
[SourceTitle "CBM 166 Extra"]
[Source "ChessBase"]
[SourceDate "2015.06.18"]
[SourceVersion "1"]
[SourceVersionDate "2015.06.18"]
[SourceQuality "1"]

1. e4 c5 2. b3 Nc6 3. Bb2 Nf6 4. e5 Nd5 5. Nf3 g6 6. Bc4 Nb6 7. e6 f6 8. Qe2 d5 9. Bd3 Qd6 10. Ng5 c4 11. Nf7 Qxe6 12. Bxg6 hxg6 13. Nxh8 Qxe2+ 14. Kxe2 Bf5 15. Na3 Bg7 16. Nxg6 Bxg6 17. d3 cxd3+ 18. cxd3 e5 19. Nc2 Rc8 20. Ne3 Kd7 21. g4 Nb4 22. Rhd1 d4 23. Nf5 Bxf5 24. gxf5 N6d5 25. Rac1 Nf4+ 26. Kf3 Rh8 27. Rc4 Nbxd3 28. Bxd4 exd4 29. Rxd4+ Kc6 30. Rc4+ Kb6 31. Rxf4 Nxf4 32. Kxf4 Rxh2 33. Rd7 Bf8 34. Ke4 Bb4 35. Rd4 Bc5 0-1

[Event "GER-ch U18"]
[Site "Willingen"]
[Date "2015.05.27"]
[Round "6"]
[White "Engert, Marvin"]
[Black "Mueller, Nils Samuel"]
[Result "1/2-1/2"]
[WhiteElo "1947"]
[BlackElo "1955"]
[PlyCount "53"]
[EventDate "2015.05.24"]
[EventType "swiss"]
[EventRounds "9"]
[EventCountry "GER"]
[SourceTitle "CBM 166 Extra"]
[Source "ChessBase"]
[SourceDate "2015.06.18"]
[SourceVersion "1"]
[SourceVersionDate "2015.06.18"]
[SourceQuality "1"]

1. e4 c5 2. b3 d6 3. Bb2 Nf6 4. Nc3 a6 5. a4 Nc6 6. f4 e5 7. Bc4 Bg4 8. Be2 Bxe2 9. Ngxe2 Qd7 10. 0-0 Rd8 11. d3 Nd4 12. Qd2 Be7 13. Nxd4 cxd4 14. Ne2 Nh5 15. c3 dxc3 16. Bxc3 0-0 17. Qb2 Qe6 18. Rf3 exf4 19. Nxf4 Nxf4 20. Rxf4 f6 21. Raf1 Rc8 22. R4f2 Rc7 23. Ba5 Rc6 24. Rc2 Rxc2 25. Qxc2 Rc8 26. Qb1 d5 27. Bd2 1/2-1/2

[Event "GER-ch U18"]
[Site "Willingen"]
[Date "2015.05.25"]
[Round "3"]
[White "Siegert, Gregor"]
[Black "Engert, Marvin"]
[Result "0-1"]
[WhiteElo "1933"]
[BlackElo "1947"]
[PlyCount "60"]
[EventDate "2015.05.24"]
[EventType "swiss"]
[EventRounds "9"]
[EventCountry "GER"]
[SourceTitle "CBM 166 Extra"]
[Source "ChessBase"]
[SourceDate "2015.06.18"]
[SourceVersion "1"]
[SourceVersionDate "2015.06.18"]
[SourceQuality "1"]

1. Nf3 Nf6 2. g3 g6 3. Bg2 Bg7 4. 0-0 0-0 5. d4 c6 6. c4 d6 7. Nc3 Qa5 8. h3 Be6 9. Qd3 Qa6 10. b3 Bf5 11. Qe3 Re8 12. g4 Bd7 13. Bb2 Qb6 14. Rad1 Na6 15. Qc1 Rad8 16. c5 Qc7 17. cxd6 exd6 18. g5 Ne4 19. Nxe4 Rxe4 20. Ne5 Rxe2 21. Bf3 Bxh3 22. Bxe2 Bxf1 23. Bxa6 Bxa6 24. Ng4 Qd7 25. Nf6+ Bxf6 26. gxf6 Qg4+ 27. Kh2 Qh5+ 28. Kg1 Be2 29. f3 Qxf3 30. Qh6 Qg3+ 0-1

[Event "GER-chT U16"]
[Site "Magdeburg"]
[Date "2014.12.28"]
[Round "4.1"]
[White "Bauer, Bjoern Benny"]
[Black "Engert, Marvin"]
[Result "1-0"]
[WhiteElo "1994"]
[BlackElo "1900"]
[PlyCount "116"]
[EventDate "2014.12.27"]
[EventType "team-swiss"]
[EventRounds "7"]
[EventCountry "GER"]
[SourceTitle "EXT 2016"]
[Source "ChessBase"]
[SourceDate "2015.10.08"]
[SourceVersion "1"]
[SourceVersionDate "2015.10.08"]
[SourceQuality "1"]
[WhiteTeam "Gau Algesheim"]
[BlackTeam "Leipzig Turm"]
[WhiteTeamCountry "GER"]
[BlackTeamCountry "GER"]

1. d4 Nf6 2. Nf3 g6 3. c4 Bg7 4. Nc3 0-0 5. e4 d6 6. Be2 e5 7. d5 Ne8 8. 0-0 f5 9. Ne1 f4 10. Nd3 Nd7 11. Bd2 Nc5 12. Nxc5 dxc5 13. Na4 Qe7 14. a3 Nd6 15. f3 b6 16. b4 Nb7 17. bxc5 Nxc5 18. Bb4 a5 19. Bxc5 bxc5 20. Rb1 Ba6 21. Rb3 Rfd8 22. Qc2 Bf8 23. Rfb1 g5 24. Nb2 h5 25. Nd1 Qe8 26. Nc3 Qd7 27. Nb5 Bg7 28. Qd2 Bc8 29. R3b2 Kh7 30. Nc3 Ba6 31. Qd3 Bh6 32. Bd1 g4 33. Ba4 Qd6 34. Bb5 Bc8 35. Qf1 gxf3 36. gxf3 Rg8+ 37. Kh1 Qe7 38. Bc6 Ra7 39. Rb8 Qh4 40. Rxc8 Rxc8 41. Nb5 Ra6 42. Bb7 Raa8 43. Bxa8 Rxa8 44. Nxc7 Rg8 45. Ne6 Bf8 46. Rb5 Qf6 47. Rxa5 Qf7 48. Rb5 Kh6 49. a4 Rg6 50. a5 Bd6 51. a6 Rg8 52. Rb7 Qe8 53. Rb6 Qd7 54. Nxc5 Qc7 55. Rc6 Qe7 56. Nb7 Rg6 57. Qb1 Kh7 58. Rxd6 Rxd6 1-0

[Event "GER-chT U16"]
[Site "Magdeburg"]
[Date "2014.12.27"]
[Round "1.1"]
[White "Engert, Marvin"]
[Black "Gressmann, Moritz"]
[Result "1/2-1/2"]
[WhiteElo "1900"]
[BlackElo "2004"]
[PlyCount "95"]
[EventDate "2014.12.27"]
[EventType "team-swiss"]
[EventRounds "7"]
[EventCountry "GER"]
[SourceTitle "EXT 2016"]
[Source "ChessBase"]
[SourceDate "2015.10.08"]
[SourceVersion "1"]
[SourceVersionDate "2015.10.08"]
[SourceQuality "1"]
[WhiteTeam "Leipzig Turm"]
[BlackTeam "Weissensee Chemie"]
[WhiteTeamCountry "GER"]
[BlackTeamCountry "GER"]

1. e4 e5 2. f4 exf4 3. Nf3 Be7 4. Bc4 Nf6 5. Nc3 0-0 6. 0-0 Nxe4 7. Nxe4 d5 8. Bxd5 Qxd5 9. d3 Bf5 10. Bxf4 Bxe4 11. dxe4 Qxe4 12. Bxc7 Na6 13. Re1 Bc5+ 14. Kh1 Qc6 15. Be5 Rad8 16. Qe2 Nb4 17. Rad1 Nd5 18. Bd4 Nf4 19. Qc4 Qg6 20. Nh4 Qg4 21. Qxc5 Ne6 22. Qf5 Rxd4 23. Qxg4 Rxg4 24. Nf5 Rb4 25. b3 g6 26. c3 Rb6 27. Ne7+ Kg7 28. Rd7 Rd8 29. Red1 Rxd7 30. Rxd7 Nf8 31. Rc7 Rd6 32. Kg1 Rd7 33. Rxd7 Nxd7 34. Kf2 Kf6 35. Nc8 a6 36. Nd6 b6 37. Ke3 Ke6 38. Nc4 h6 39. Kf4 b5 40. Nd2 Kd5 41. Ne4 f5 42. Nf2 Nc5 43. g4 fxg4 44. Nxg4 b4 45. Ne3+ Ke6 46. cxb4 Nd3+ 47. Ke4 Nxb4 48. a3 1/2-1/2